thumbnail Großstädte, die Paris am nächsten liegen - Statistiken

Allgemein
  • Dieses Quiz wurde 49 mal gespielt
  • Das Durchschnittsergebnis liegt bei 11 aus 50
Antwortstatistiken
Land km Großstadt % Korrekt
Belgien 264 Brüssel
77%
Vereinigtes Königreich 344 London
77%
Frankreich 204 Lille
56%
Niederlande 373 Rotterdam
51%
Deutschland 342 Aachen
44%
Belgien 301 Antwerpen
44%
Belgien 269 Brügge
44%
Luxemburg 294 Luxemburg
42%
Frankreich 343 Nantes
42%
Deutschland 342 Saarbrücken
40%
Deutschland 327 Trier
40%
Belgien 263 Gent
37%
Frankreich 280 Metz
37%
Frankreich 170 Reims
37%
Frankreich 308 Rennes
35%
Niederlande 382 Den Haag
28%
Frankreich 178 Le Havre
28%
Vereinigtes Königreich 284 Brighton and Hove
26%
Niederlande 364 Eindhoven
26%
Belgien 304 Liège
23%
Niederlande 326 Maastricht
19%
Frankreich 281 Nancy
19%
Frankreich 112 Rouen
19%
Belgien 229 Charleroi
16%
Frankreich 262 Dijon
16%
Belgien 261 Anderlecht
14%
Frankreich 9 Saint-Denis
14%
Frankreich 204 Tours
14%
Vereinigtes Königreich 352 Southampton
12%
Frankreich 201 Caen
9%
Belgien 255 Namur
9%
Frankreich 111 Orléans
9%
Frankreich 115 Amiens
7%
Frankreich 265 Angers
7%
Frankreich 327 Besançon
7%
Frankreich 347 Clermont-Ferrand
7%
Frankreich 185 Le Mans
7%
Vereinigtes Königreich 326 Portsmouth
7%
Frankreich 13 Argenteuil
5%
Frankreich 8 Boulogne-Billancourt
5%
Niederlande 349 Breda
2%
Vereinigtes Königreich 309 Crawley
2%
Frankreich 7 Montreuil
2%
Niederlande 358 Tilburg
2%
Vereinigtes Königreich 347 Chelmsford
0%
Niederlande 367 Dordrecht
0%
Niederlande 344 Heerlen
0%
Belgien 281 Leuven
0%
Vereinigtes Königreich 298 Maidstone
0%
Belgien 267 Schaerbeek
0%
Keine übereinstimmenden Quizze gefunden
Verteilung der Resultate
Anzahl Personen mit jedem Resultat
Perzentil nach korrekt beantworteten Fragen
Ihre Resultats-Entwicklung
Sie haben dieses Quiz noch nicht gespielt